| 000 | 02113nam a2200385 i 4500 | ||
|---|---|---|---|
| 003 | IT-RoINE | ||
| 005 | 20161206065539.0 | ||
| 008 | 900725m19661987sp ||0|||spa|d | ||
| 020 | _a8425407273 (t. 6) | ||
| 020 | _a8425406919 (t. 7) | ||
| 020 | _a8425407249 (t. 8) | ||
| 020 | _a8425402050 (t. 1) | ||
| 020 | _a8425410975 (t. 2) | ||
| 020 | _a8425414067 (t. 9) | ||
| 020 | _a8425408822 (t. 4) | ||
| 020 | _a8425405491 (t. 3) | ||
| 020 | _a8425415241 (t. 10) | ||
| 040 |
_aSpMaBN _bspa _cIT-RoINE |
||
| 041 | 1 |
_aspa _hger |
|
| 240 | 1 |
_aHandbuch der Kirchengeschichte _lEspañol |
|
| 245 | 1 | 0 |
_aManual de historia de la Iglesia / _c[dirección] Hubert Jedin ; [versión castellana de Daniel Ruiz Sanz ... et al.] |
| 260 |
_aBarcelona _bHerder _c1966-1987 |
||
| 300 |
_a10 v. ; _c22 cm. |
||
| 336 |
_2rdacontent _atext |
||
| 337 |
_2rdamedia _aunmediated |
||
| 338 |
_2rdacarrier _avolume |
||
| 490 | 1 |
_aBiblioteca Herder. _aSección de Historia ; _v76-81, 152-153, 170-171 |
|
| 505 | 0 | _at. 1. Introducción a la Historia de la Iglesia ; De la Iglesia primitiva a los comienzos de la gran Iglesia. 1980 -- t. 2. La Iglesia imperial después de Constantino hasta fines del siglo VII. 1980 -- t. 3. De la Iglesia de la primitiva Edad Media a la reforma gregoriana. 2. ed. 1987 -- t. 4. La Iglesia de la Edad Media después de la reforma gregoriana. 2. ed. 1986 -- t. 5. Reforma, reforma católica y contrarreforma. 1972 -- t. 6. La Iglesia en tiempo del absolutismo y de la ilustración. 1978 -- t. 7. La Iglesia entre la revolución y la restauración. 1978 -- t. 8. La Iglesia entre la adaptación y la resistencia. 1978 -- t. 9. La Iglesia mundial del siglo XX. 1984 -- t. 10. La Iglesia del siglo XX en España, Portugal y América Latina / por Quintín Aldea y Eduardo Cárdenas. 1987. | |
| 610 | 2 | 4 |
_91635 _aIglesia Católica _xHistoria |
| 700 | 1 |
_aJedin, Hubert, _d1900-1980 _95974 |
|
| 700 | 1 |
_aBaus, Karl, _d1904-1994 _920717 |
|
| 700 | 1 |
_aAldea Vaquero, Quintín, _96081 _cS.I., _d1920-2012 |
|
| 830 | 0 |
_920718 _aBiblioteca Herder. _pSección de historia |
|
| 942 | _cMTS | ||
| 999 |
_c9996 _d9996 |
||